Cánovas y las letras (Record no. 163388)

MARC details
000 -LEADER
campo de control de longitud fija 00813nam a2200205 i 4500
001 - NÚMERO DE CONTROL
campo de control 163388
003 - IDENTIFICADOR DE NÚMERO DE CONTROL
campo de control ES-MaACL
005 - FECHA Y HORA DE LA ÚLTIMA TRANSACCIÓN
campo de control 20231221150409.0
008 - DATOS DE LONGITUD FIJA--INFORMACIÓN GENERAL
campo de control de longitud fija 050720s1898 mx |||| |dspa d
100 1# - ENTRADA PRINCIPAL--NOMBRE DE PERSONA
Nombre de persona Revilla, Manuel G.
9 (RLIN) 149915
245 10 - MENCIÓN DEL TÍTULO
Título Cánovas y las letras
Resto del título : estudio crítico /
Mención de responsabilidad, etc. por Manuel G. Revilla.
260 ## - PUBLICACIÓN, DISTRIBUCIÓN, ETC.
Lugar de publicación, distribución, etc. Méjico :
Nombre del editor, distribuidor, etc. [s.n.],
Fecha de publicación, distribución, etc. 1898 (
Fabricante Tipografía "El Tiempo")
300 ## - DESCRIPCIÓN FÍSICA
Extensión 91 p. ;
Dimensiones 17 cm.
505 8# - NOTA DE CONTENIDO CON FORMATO
Nota de contenido con formato Contiene referencias al Ateneo de Madrid
530 ## - NOTA DISPONIBLE DE FORMULARIO FÍSICO ADICIONAL
Nota de formato físico adicional disponible Disponible en formato digital.
600 14 - PUNTO DE ACCESO ADICIONAL DE MATERIA--NOMBRE DE PERSONA
Nombre de persona Cánovas del Castillo, Antonio,
Fechas asociadas al nombre 1828-1897
9 (RLIN) 34600
852 ## - LOCALIZACIÓN
Ubicación ES-MaACL
Número de control de estantería T-883-F-3
Nota libre - Enc. hol., conservando la enc. original
-- - Enc. en un vol. facticio
856 ## - LOCALIZACIÓN Y ACCESO ELECTRÓNICOS
Identificador Uniforme de Recursos <a href="https://archive.org/details/cnovasylasletra00revigoog ">https://archive.org/details/cnovasylasletra00revigoog </a>
Nota pública Internet Archive
Holdings
Estatus retirado Estado de pérdida Estado de daño No para préstamo Colección Biblioteca de origen Biblioteca actual Ubicación en estantería Fecha de adquisición Total de préstamos Signatura topográfica completa Código de barras Visto por última vez Precio de reemplazo Tipo de ítem Koha
        Colección de folletos Biblioteca del Ateneo de Madrid Biblioteca del Ateneo de Madrid Depósito folletos 17/01/2008   T-883-F-3 1171216 23/02/2023 23/02/2023 Folleto